000 00642nam a2200217Ia 4500
003 OSt
005 20220925221423.0
006 a|||||r|||| 00| 0
007 ta
008 220923b |||||||| |||| 00| 0 eng d
037 _cGeneral Book
040 _aRTL
_cRTL
_beng
041 _2eng
_aeng
082 _aX9:75, K0/TD
100 _aBryce Murray D.
_9286488
245 0 _aIndustrial Development
_b A Guide for Accelerating Economic growth
260 _aLondon
_bMcgraw-Hill Book Company Inc. UK
_c1960
300 _a282p.
_ccm.
942 _hX9:75, K0/TD
_cGB
_2CC
999 _c574298
_d574298